000 00331 a2200157 4500
001 164289
020 _a
040 _cMagnum
100 _aWenceslau, Oswaldo
240 1 0 _aNa terra do bicho-homem
_lpor
245 1 0 _aNa terra do bicho-homem
300 _a62
362 0 _a1992
697 _aLITERATURA JUVENIL
942 _cBK
999 _c164289
_d164289